|
|
|
|
| LEADER |
00000nam0a2200000 4500 |
| 001 |
372837 |
| 005 |
20231102012519.0 |
| 035 |
|
|
|a (RuTPU)RU\TPU\retro\30262
|
| 035 |
|
|
|a RU\TPU\book\268658
|
| 090 |
|
|
|a 372837
|
| 100 |
|
|
|a 20221215d1946 k y0rusy50 ca
|
| 101 |
0 |
|
|a rus
|
| 102 |
|
|
|a RU
|
| 105 |
|
|
|a y z 000zy
|
| 200 |
1 |
|
|a О неадиабатических течениях газа
|f Л. А. Вулис, А. А. Гухман
|g Научно-исследовательский институт № 1
|
| 210 |
|
|
|a [Москва]
|c Изд-во БНТ
|d 1946
|
| 215 |
|
|
|a 30 с.
|
| 225 |
1 |
|
|a Труды научно-исследовательского института № 1
|v № 13
|
| 606 |
1 |
|
|a Газы
|x Течение
|2 stltpush
|3 (RuTPU)RU\TPU\subj\67375
|9 83200
|
| 610 |
1 |
|
|a течение по трубам
|
| 610 |
1 |
|
|a политропические процессы
|
| 610 |
1 |
|
|a трение
|
| 610 |
1 |
|
|a критическая скорость
|
| 610 |
1 |
|
|a движение в трубах
|
| 675 |
|
|
|a 533.6.01
|v 3
|
| 700 |
|
1 |
|a Вулис
|b Л. А.
|
| 701 |
|
1 |
|a Гухман
|b А. А.
|
| 712 |
0 |
2 |
|a Научно-исследовательский институт № 1
|2 stltpush
|3 (RuTPU)RU\TPU\col\19170
|9 27388
|
| 801 |
|
1 |
|a RU
|b 63413507
|c 20131218
|
| 801 |
|
2 |
|a RU
|b 63413507
|c 20221215
|g RCR
|
| 942 |
|
|
|c BK
|